Desde la época de los artesanos hasta su edad adulta: la negociación colectiva ofrece la clara ventaja de ser más flexible para introducir cambios /

Enregistré dans:
Détails bibliographiques
Auteur principal: Lee, Chang - Hee
Autres auteurs: Rueda - Catry, Marleen, Vega Ruiz, María Luz
Format: Texte
Sujets:
Tags: Ajouter un tag
Pas de tags, Soyez le premier à ajouter un tag!

MARC

LEADER 00000 a a2200000 04500
001 5551
003
040
100 |a Lee, Chang - Hee  
245 |a Desde la época de los artesanos hasta su edad adulta:   |b la negociación colectiva ofrece la clara ventaja de ser más flexible para introducir cambios /  |c Chang - Hee Lee ; Marleen Rueda - Catry ; María Luz Vega Ruiz 
650 |a NEGOCIACION COLECTIVA  
650 |a SINDICALISMO  
650 |a HISTORIA  
700 |a Rueda - Catry, Marleen  
700 |a Vega Ruiz, María Luz  
773 |g número 114 -115; páginas 5-18  
999 |c 32135  |d 32135